LIBRARY & INFORMATION CENTRE, KCAET, TAVANUR

ONLINE PUBLIC ACCESS CATALOGUE (OPAC)

Gandhiji ki samshipth atmakatha / (Record no. 8452)

MARC details
000 -LEADER
fixed length control field 00445cam a2200181ua 4500
041 ## - LANGUAGE CODE
Language code of text/sound track or separate title hin
082 ## - DEWEY DECIMAL CLASSIFICATION NUMBER
Classification number 891.54
Item number GAN/GA
100 ## - MAIN ENTRY--AUTHOR NAME
Personal name Gandhiji, .
245 ## - TITLE STATEMENT
Title Gandhiji ki samshipth atmakatha /
250 ## - EDITION STATEMENT
Edition statement 1 /
260 ## - PUBLICATION, DISTRIBUTION, ETC. (IMPRINT)
Place of publication Ahamadabad :
Name of publisher Navjeevan prakashan mandir ,
Year of publication 1951.
300 ## - PHYSICAL DESCRIPTION
Number of Pages 192 ; .
942 ## - ADDED ENTRY ELEMENTS (KOHA)
Koha item type Books
Holdings
Withdrawn status Lost status Damaged status Home library Current library Date acquired Full call number Accession Number Koha item type
Withdrawn     KAUAET KAUAET 07/04/2012 891.54 12955 Books
free website counter